[Event "26th WSCC 2016 Open 65+"]
[Site "Marianske Lazne, Czech Republic - Hotel Cristal and Continental"]
[Date "2016.11.29"]
[Round "10.54"]
[White "Hanisch, Friedrich"]
[Black "Olesen, Poul Erik Norgaard"]
[Result "0-1"]
[WhiteElo "2160"]
[BlackElo "1998"]
[PlyCount "116"]
[EventDate "2016.11.19"]

1. d4 g6 2. c4 Bg7 3. Nc3 Nf6 4. e4 d6 5. Be2 O-O 6. Nf3 c5 7. d5 Na6 8. O-O
Nc7 9. Bf4 Nh5 10. Be3 e5 11. Qd2 f5 12. Bg5 Nf6 13. Ne1 f4 14. f3 h6 15. Bxf6
Qxf6 16. Nd3 h5 17. Kh1 Kh7 18. a3 Bh6 19. Rg1 Bd7 20. Nf2 Rf7 21. Qd3 Rg8 22.
Raf1 Rfg7 23. g4 Bg5 24. Rg2 Bh4 25. Kg1 Rf8 26. b3 g5 27. Bd1 Qh6 28. Be2 Rgf7
29. Ncd1 Ne8 30. b4 b6 31. b5 Nf6 32. a4 Ng8 33. Qc3 hxg4 34. Nxg4 Qg6 35. Qd3
Nf6 36. Nxf6+ Rxf6 37. Nf2 Bxf2+ 38. Rgxf2 Qh5 39. Kh1 Rh6 40. Bd1 Qh3 41. Qd2
Rh8 42. Rg1 Qh5 43. Rfg2 Rg8 44. Rf2 Qg6 45. Qc2 Rh8 46. Re2 Rh5 47. Rf2 Kg7
48. Rgg2 Bh3 49. Rg1 Kf6 50. Rd2 Rh4 51. Rf2 Qh5 52. Qd2 Rg8 53. Qc2 g4 54.
fxg4 Bxg4 55. Bxg4 Rgxg4 56. Rxg4 Qxg4 57. Rg2 Qf3 58. Kg1 Rh3 0-1

[Event "26th WSCC 2016 Open 65+"]
[Site "Marianske Lazne, Czech Republic - Hotel Cristal and Continental"]
[Date "2016.11.29"]
[Round "10.55"]
[White "Vrchotka, Josef"]
[Black "Hohler, Peter"]
[Result "1/2-1/2"]
[WhiteElo "1994"]
[BlackElo "2119"]
[PlyCount "42"]
[EventDate "2016.11.19"]

1. e4 e5 2. Nc3 Nf6 3. Nf3 Nc6 4. d4 exd4 5. Nxd4 Bb4 6. Nxc6 bxc6 7. Bd3 d5 8.
exd5 cxd5 9. O-O O-O 10. Bg5 Bxc3 11. bxc3 h6 12. Bh4 Rb8 13. Qf3 Rb6 14. Rab1
c5 15. c4 dxc4 16. Bxc4 Qd4 17. Bxf6 Rxf6 18. Qd3 Bf5 19. Qxd4 cxd4 20. Rbd1
Rd8 21. Rd2 Be6 1/2-1/2

[Event "26th WSCC 2016 Open 65+"]
[Site "Marianske Lazne, Czech Republic - Hotel Cristal and Continental"]
[Date "2016.11.29"]
[Round "10.56"]
[White "Carlsten, Peter"]
[Black "Just, Pavel"]
[Result "1/2-1/2"]
[WhiteElo "2099"]
[BlackElo "1996"]
[PlyCount "45"]
[EventDate "2016.11.19"]

1. e4 e5 2. Nf3 Nc6 3. Bb5 Nf6 4. Nc3 d6 5. O-O Bd7 6. d4 exd4 7. Nxd4 Be7 8.
Re1 Nxd4 9. Bxd7+ Nxd7 10. Qxd4 Bf6 11. Qe3 Bxc3 12. Qxc3 O-O 13. Be3 b6 14. a4
a5 15. Bd4 f6 16. Qh3 Qe7 17. Rad1 Rae8 18. Qc3 Rc8 19. b3 Rf7 20. f4 g6 21.
Qg3 Re8 22. Qc3 Rc8 23. Qg3 1/2-1/2

[Event "26th WSCC 2016 Open 65+"]
[Site "Marianske Lazne, Czech Republic - Hotel Cristal and Continental"]
[Date "2016.11.29"]
[Round "10.57"]
[White "Strand, Kjetil"]
[Black "Vavruska, Antonin"]
[Result "1/2-1/2"]
[WhiteElo "1990"]
[BlackElo "2096"]
[PlyCount "107"]
[EventDate "2016.11.19"]

1. e4 c5 2. Nf3 e6 3. d4 cxd4 4. Nxd4 Nf6 5. Nc3 Nc6 6. Ndb5 Bb4 7. Bf4 e5 8.
Bg5 d6 9. Bxf6 gxf6 10. a3 Bxc3+ 11. Nxc3 a6 12. Bc4 O-O 13. Qh5 Nd4 14. O-O-O
f5 15. f4 Be6 16. Bd5 Kh8 17. fxe5 dxe5 18. Rd3 Rg8 19. Rg3 Qe7 20. Rf1 Rxg3
21. hxg3 Rg8 22. exf5 Rg5 23. f6 Qxf6 24. Qxh7+ Kxh7 25. Rxf6 Bxd5 26. Nxd5 Kg7
27. Rf2 Rxg3 28. c3 Ne6 29. Kd2 Nc5 30. Ne3 Ne4+ 31. Ke2 Rg5 32. Rf3 Kg6 33. g4
Nd6 34. c4 Ne4 35. Kd3 Nf6 36. Rg3 Kg7 37. Rg2 Kf8 38. b4 Ke8 39. c5 Kd7 40.
Kc4 Ke6 41. a4 Rg8 42. Rd2 Ne4 43. Rd5 f6 44. b5 axb5+ 45. axb5 Ra8 46. Kb4 Ra1
47. Rd8 Rb1+ 48. Ka5 Nxc5 49. Nf5 Nd7 50. Re8+ Kd5 51. Rd8 Kc5 52. Rc8+ Kd5 53.
Rd8 Kc5 54. Rc8+ 1/2-1/2

[Event "26th WSCC 2016 Open 65+"]
[Site "Marianske Lazne, Czech Republic - Hotel Cristal and Continental"]
[Date "2016.11.29"]
[Round "10.58"]
[White "Mueller, Lutz"]
[Black "Blaushtain, Boris"]
[Result "0-1"]
[WhiteElo "2070"]
[BlackElo "1991"]
[PlyCount "156"]
[EventDate "2016.11.19"]

1. d4 Nf6 2. Nf3 e6 3. e3 b6 4. Bd3 Bb7 5. Nbd2 d5 6. O-O Nbd7 7. b3 Bd6 8. Bb2
O-O 9. Ne5 c5 10. f4 g6 11. Rf3 cxd4 12. exd4 Ne4 13. Qe2 Nxd2 14. Qxd2 Qe7 15.
Raf1 f5 16. Nxd7 Qxd7 17. Qe2 Bc6 18. h4 Kf7 19. h5 Be7 20. Re3 Bd6 21. Qf3 Qc7
22. Re2 Rg8 23. Bc1 b5 24. Rfe1 Rae8 25. c3 a5 26. Rc2 Qd7 27. Qh3 Be7 28. Re5
Bf6 29. Rf2 Qd6 30. Rfe2 Bd7 31. Qf3 b4 32. Bb2 Bxe5 33. fxe5 Qb6 34. Kh2 Rc8
35. c4 Bc6 36. Qe3 Qd8 37. g3 Ra8 38. Bc1 a4 39. c5 axb3 40. axb3 Qe7 41. Qh6
Ke8 42. Rf2 Qg7 43. Qf4 g5 44. Qd2 Rb8 45. Kg2 h6 46. g4 f4 47. Kf3 Qa7 48. Bb2
Rg7 49. Bb1 Ke7 50. Rf1 Be8 51. Rc1 Kf8 52. Bd3 Qb7 53. Qe1 Bb5 54. Bb1 Qc6 55.
Qd2 Ba6 56. Qc2 Bc8 57. Qe2 Bd7 58. Bd3 Be8 59. Qc2 Ra8 60. Qe2 Rb7 61. Qc2 Rg7
62. Qe2 Kg8 63. Qd2 Qb7 64. Bb1 Rb8 65. Qc2 Qe7 66. Qd2 Bxh5 67. gxh5 g4+ 68.
Ke2 Qh4 69. Bg6 f3+ 70. Kd3 Rxg6 71. hxg6 g3 72. Qe3 Rf8 73. c6 f2 74. c7 Kg7
75. Rf1 Rc8 76. Qf3 Qe4+ 77. Qxe4 dxe4+ 78. Ke2 g2 0-1

[Event "26th WSCC 2016 Open 65+"]
[Site "Marianske Lazne, Czech Republic - Hotel Cristal and Continental"]
[Date "2016.11.29"]
[Round "10.59"]
[White "Trojan, Lubos"]
[Black "Sand, Rolf"]
[Result "1/2-1/2"]
[WhiteElo "1987"]
[BlackElo "2068"]
[PlyCount "46"]
[EventDate "2016.11.19"]

1. Nf3 c5 2. c3 Nf6 3. d4 cxd4 4. cxd4 d5 5. Nc3 e6 6. e3 Be7 7. Bd3 Nc6 8. O-O
O-O 9. a3 b6 10. b4 Bb7 11. Bb2 Rc8 12. Qe2 Bd6 13. Rfd1 Qe7 14. Rac1 Rfd8 15.
Bb1 a5 16. b5 Nb8 17. a4 Nbd7 18. h3 Ne4 19. Nd2 Nxc3 20. Rxc3 Rxc3 21. Bxc3
Nf6 22. Qd3 g6 23. Bb2 Rc8 1/2-1/2

[Event "26th WSCC 2016 Open 65+"]
[Site "Marianske Lazne, Czech Republic - Hotel Cristal and Continental"]
[Date "2016.11.29"]
[Round "10.60"]
[White "Weller, Karl"]
[Black "Hutchinson, Norman A"]
[Result "1/2-1/2"]
[WhiteElo "1969"]
[BlackElo "2062"]
[PlyCount "54"]
[EventDate "2016.11.19"]

1. c4 c6 2. e4 d5 3. cxd5 cxd5 4. exd5 Nf6 5. Nc3 Nxd5 6. Bc4 Nb6 7. Bb3 Nc6 8.
Nf3 Nd4 9. Nxd4 Qxd4 10. Qf3 e6 11. O-O Bb4 12. d3 Nd7 13. Be3 Qe5 14. Bf4 Qa5
15. Qg3 O-O 16. Be5 Kh8 17. a3 Be7 18. Bc7 Qg5 19. Bd6 Bxd6 20. Qxd6 Qe5 21.
Qxe5 Nxe5 22. Rfd1 Nc6 23. d4 Ne7 24. d5 exd5 25. Nxd5 Nxd5 26. Bxd5 Be6 27.
Rd4 Rac8 1/2-1/2

[Event "26th WSCC 2016 Open 65+"]
[Site "Marianske Lazne, Czech Republic - Hotel Cristal and Continental"]
[Date "2016.11.29"]
[Round "10.61"]
[White "Andersson, Kaj"]
[Black "Taksrud, Vidar"]
[Result "1-0"]
[WhiteElo "2057"]
[BlackElo "1964"]
[PlyCount "83"]
[EventDate "2016.11.19"]

1. e4 Nf6 2. f3 e5 3. c3 Nc6 4. d4 exd4 5. cxd4 Bb4+ 6. Nc3 d5 7. e5 Ne4 8.
fxe4 Qh4+ 9. Ke2 Bg4+ 10. Nf3 Bxc3 11. bxc3 dxe4 12. Be3 Qh5 13. Kf2 exf3 14.
gxf3 Qh4+ 15. Kg1 Bh5 16. Be2 O-O-O 17. Qe1 Qh3 18. Qg3 Qe6 19. Bf1 Kb8 20. h4
f6 21. f4 fxe5 22. fxe5 Rhf8 23. Bg2 Qc4 24. Rc1 Rf5 25. Kh2 Rdf8 26. Rhe1 Bf3
27. Rf1 Bxg2 28. Rxf5 Rxf5 29. Qxg2 g6 30. Rc2 Ne7 31. Qe2 Qf7 32. c4 c5 33. e6
Qf8 34. d5 Nc8 35. Bf2 Ka8 36. Rd2 Qf6 37. Bg3 Rf3 38. Qe5 Qxe5 39. Bxe5 Re3
40. d6 Nxd6 41. Rxd6 b5 42. Rd5 1-0

[Event "26th WSCC 2016 Open 65+"]
[Site "Marianske Lazne, Czech Republic - Hotel Cristal and Continental"]
[Date "2016.11.29"]
[Round "10.62"]
[White "Dahlhaus, Friedhelm"]
[Black "Cao, Jorge"]
[Result "1-0"]
[WhiteElo "2052"]
[BlackElo "1962"]
[PlyCount "119"]
[EventDate "2016.11.19"]

1. e4 e6 2. d4 d5 3. Nd2 Nc6 4. Ngf3 Nf6 5. e5 Nd7 6. Bb5 a6 7. Bxc6 bxc6 8.
Nb3 Rb8 9. Be3 Nb6 10. O-O Nc4 11. Rb1 Be7 12. Nfd2 Nxe3 13. fxe3 O-O 14. Nf3
Bd7 15. Nc5 Rb5 16. b4 Bxc5 17. bxc5 Rb8 18. a4 Rxb1 19. Qxb1 Qa8 20. Qa2 Rb8
21. Rb1 Rb7 22. Rb3 Qb8 23. Qb2 Rxb3 24. Qxb3 Qxb3 25. cxb3 a5 26. Kf2 h6 27.
Ke1 Kf8 28. Kd2 Ke8 29. Kc3 Kd8 30. b4 axb4+ 31. Kxb4 Kc8 32. Ka5 Kb7 33. g4 g6
34. h4 Ka7 35. h5 gxh5 36. gxh5 Bc8 37. Ng5 Ba6 38. Nxf7 Be2 39. Nxh6 Bxh5 40.
Ng8 Bg4 41. Ne7 Kb7 42. Kb4 Bh3 43. a5 Bf1 44. Ng6 Bd3 45. Nh8 Kc8 46. Nf7 Kd7
47. Kc3 Bf1 48. Ng5 Bb5 49. Kd2 Bf1 50. Ke1 Bd3 51. Kf2 Bf5 52. Kf3 Bd3 53. Kf4
Ke7 54. Nf3 Ba6 55. Ne1 Kd7 56. Kg5 Bf1 57. Kf6 Bh3 58. Nc2 Kc8 59. Nb4 Kb7 60.
a6+ 1-0

[Event "26th WSCC 2016 Open 65+"]
[Site "Marianske Lazne, Czech Republic - Hotel Cristal and Continental"]
[Date "2016.11.29"]
[Round "10.63"]
[White "Green, Per"]
[Black "Myall, Ivan J"]
[Result "0-1"]
[WhiteElo "1967"]
[BlackElo "2042"]
[PlyCount "64"]
[EventDate "2016.11.19"]

1. c4 Nf6 2. g3 d5 3. Bg2 c6 4. b3 Bf5 5. Nf3 e6 6. Bb2 Nbd7 7. O-O h6 8. d3
Be7 9. Nbd2 O-O 10. a3 Bh7 11. b4 c5 12. bxc5 Nxc5 13. Rc1 Rc8 14. cxd5 Nxd5
15. Nc4 b5 16. Ncd2 Na4 17. Qb3 Nxb2 18. Qxb2 Qa5 19. a4 bxa4 20. Nc4 a3 21.
Qa1 Qa6 22. e4 Nb4 23. Nfe5 Nxd3 24. Nxd3 Rxc4 25. Rxc4 Qxc4 26. Ne5 Qa4 27.
Rc1 Bf6 28. f4 Rd8 29. Bf3 Bxe4 30. Bxe4 Qxe4 31. Qxa3 Bxe5 32. fxe5 Rd2 0-1

[Event "26th WSCC 2016 Open 65+"]
[Site "Marianske Lazne, Czech Republic - Hotel Cristal and Continental"]
[Date "2016.11.29"]
[Round "10.65"]
[White "El Gheiadi, I."]
[Black "Reynolds, D Ian W"]
[Result "0-1"]
[WhiteElo "1918"]
[BlackElo "2040"]
[PlyCount "136"]
[EventDate "2016.11.19"]

1. e4 e5 2. Nf3 Nc6 3. Bc4 Bc5 4. c3 Nf6 5. d3 d6 6. Bg5 h6 7. Bh4 a6 8. Nbd2
Ba7 9. h3 Qe7 10. b4 O-O 11. O-O Be6 12. a4 g5 13. Bg3 Nh5 14. Kh2 Nf4 15. Bxf4
gxf4 16. a5 Qf6 17. Qe2 Kh8 18. Rg1 Rg8 19. Bxe6 fxe6 20. g4 fxg3+ 21. Rxg3 Ne7
22. Rag1 Ng6 23. d4 exd4 24. cxd4 e5 25. dxe5 Nxe5 26. Rxg8+ Rxg8 27. Rxg8+
Kxg8 28. Nxe5 Qxe5+ 29. Kg2 Qg7+ 30. Qg4 Bd4 31. Qxg7+ Kxg7 32. Nb1 b5 33. f4
c5 34. Kf3 cxb4 35. Ke2 Kf6 36. Kd3 Bf2 37. Nd2 Be1 38. Ke2 Bg3 39. e5+ Ke6 40.
exd6 Bxf4 41. Nb3 Bxd6 42. Ke3 Kd5 43. Kd3 Bc7 44. Kc2 Ke4 45. Nc5+ Kf3 46.
Nxa6 Bxa5 47. Nc5 Kg3 48. Ne4+ Kxh3 49. Nf6 Bc7 50. Kb3 Bd6 51. Ne4 Be7 52.
Nf2+ Kg2 53. Ng4 h5 54. Ne5 h4 55. Ng6 h3 56. Nf4+ Kg3 57. Nxh3 Kxh3 58. Kc2
Kg3 59. Kb3 Kf3 60. Kc2 Ke2 61. Kb3 Kd3 62. Kb2 Kc4 63. Kc2 Bf6 64. Kc1 b3 65.
Kb1 Kc3 66. Kc1 b2+ 67. Kb1 Be5 68. Ka2 Kc2 0-1

[Event "26th WSCC 2016 Open 65+"]
[Site "Marianske Lazne, Czech Republic - Hotel Cristal and Continental"]
[Date "2016.11.29"]
[Round "10.66"]
[White "Leitner, Walter"]
[Black "Prachar, Josef"]
[Result "1-0"]
[WhiteElo "2039"]
[BlackElo "1918"]
[PlyCount "71"]
[EventDate "2016.11.19"]

1. d4 g6 2. Bf4 Bg7 3. c3 d6 4. Nf3 Nd7 5. e3 a6 6. Bc4 e6 7. O-O Ne7 8. Nbd2
O-O 9. h3 b6 10. Rc1 Bb7 11. a3 h6 12. Re1 e5 13. dxe5 dxe5 14. Bh2 e4 15. Nd4
c5 16. Ne2 Ne5 17. Bxe5 Bxe5 18. Qc2 b5 19. Ba2 Qd3 20. Nf4 Qxc2 21. Rxc2 Kh7
22. Nb3 Rac8 23. Rd2 Bxf4 24. exf4 Nd5 25. Na5 Nxc3 26. bxc3 Ba8 27. Rd6 Kg7
28. Red1 c4 29. Bb1 h5 30. Kf1 Rfe8 31. Ke2 Rc5 32. h4 Rc7 33. Ke3 Rcc8 34. Bc2
Re7 35. R1d4 f5 36. Rxa6 1-0

[Event "26th WSCC 2016 Open 65+"]
[Site "Marianske Lazne, Czech Republic - Hotel Cristal and Continental"]
[Date "2016.11.29"]
[Round "10.67"]
[White "Baumann, Hanspeter"]
[Black "Diaz Franco, Francisco Jorge"]
[Result "1/2-1/2"]
[WhiteElo "1911"]
[BlackElo "2019"]
[PlyCount "63"]
[EventDate "2016.11.19"]

1. e4 c6 2. d4 d5 3. Nd2 dxe4 4. Nxe4 Nf6 5. Nxf6+ gxf6 6. Nf3 Bg4 7. Be2 e6 8.
O-O Bd6 9. h3 Bh5 10. c3 Qc7 11. Re1 Nd7 12. Bd2 O-O-O 13. b4 Rhg8 14. Bf1 f5
15. c4 Nf6 16. b5 c5 17. Qb3 Ne4 18. Bc1 Bxf3 19. Qxf3 cxd4 20. Bb2 Bh2+ 21.
Kh1 Bf4 22. Rad1 Be5 23. a4 Kb8 24. a5 d3 25. Bxe5 Qxe5 26. a6 d2 27. Re2 Qc3
28. Re3 Qc2 29. Kg1 Rd7 30. Bd3 Rxd3 31. Rxd3 Qxc4 32. R3xd2 1/2-1/2

[Event "26th WSCC 2016 Open 65+"]
[Site "Marianske Lazne, Czech Republic - Hotel Cristal and Continental"]
[Date "2016.11.29"]
[Round "10.68"]
[White "Kock, Hans-Uwe"]
[Black "Vatansever, Abdullah"]
[Result "1-0"]
[WhiteElo "2037"]
[BlackElo "1938"]
[PlyCount "65"]
[EventDate "2016.11.19"]

1. d4 Nf6 2. c4 g6 3. Nc3 Bg7 4. e4 d6 5. h3 c6 6. Be3 a6 7. a4 Nbd7 8. Qc2 O-O
9. Nf3 Qc7 10. Be2 Re8 11. O-O b6 12. Rac1 Bb7 13. Rfd1 e5 14. d5 c5 15. g4 Bc8
16. Kh1 Nf8 17. Rg1 Bd7 18. Nh2 h6 19. Qd2 Kh7 20. h4 Ng8 21. Rg2 Qd8 22. g5 h5
23. Qd1 Bh8 24. Bxh5 gxh5 25. Qxh5+ Kg7 26. f4 exf4 27. Bxf4 Ng6 28. Rf1 Bh3
29. Ng4 Bxg2+ 30. Kxg2 Qd7 31. Ne3 N8e7 32. Bg3 Rg8 33. Qh6# 1-0

[Event "26th WSCC 2016 Open 65+"]
[Site "Marianske Lazne, Czech Republic - Hotel Cristal and Continental"]
[Date "2016.11.29"]
[Round "10.70"]
[White "Abel, Hans-Peter"]
[Black "Vladimirsky, Mark"]
[Result "0-1"]
[WhiteElo "1923"]
[BlackElo "2023"]
[PlyCount "124"]
[EventDate "2016.11.19"]

1. d4 Nf6 2. g3 g6 3. Bg2 Bg7 4. c4 d6 5. Nc3 Nbd7 6. e3 c6 7. Nge2 O-O 8. O-O
Nb6 9. b3 d5 10. cxd5 cxd5 11. Bb2 Bf5 12. Rc1 g5 13. f3 Qd7 14. Rf2 Rac8 15.
e4 dxe4 16. Nxe4 h6 17. N2c3 Nxe4 18. Nxe4 Rxc1 19. Qxc1 Bxd4 20. Bxd4 Qxd4 21.
Qd2 Rd8 22. Qxd4 Rxd4 23. Rd2 Rxd2 24. Nxd2 Nc8 25. Kf2 Nd6 26. Bf1 a5 27. Ke3
e5 28. f4 exf4+ 29. gxf4 gxf4+ 30. Kxf4 Kf8 31. Nc4 Nxc4 32. Bxc4 Be6 33. Bd3
Ke7 34. Be2 Kd6 35. a3 b6 36. Bd1 Kd5 37. Ke3 Ke5 38. b4 axb4 39. axb4 f5 40.
Bf3 Ba2 41. Bg2 Bb1 42. Bf1 Be4 43. Be2 f4+ 44. Kf2 Kd4 45. Bf1 Kc3 46. b5 Bd3
47. Bxd3 Kxd3 48. Kf3 Kc4 49. Kxf4 Kxb5 50. Kf5 Kc4 51. Kg6 b5 52. Kxh6 b4 53.
h4 b3 54. h5 b2 55. Kg7 b1=Q 56. h6 Qb7+ 57. Kg8 Qc8+ 58. Kg7 Qd7+ 59. Kg8 Qe8+
60. Kg7 Qe7+ 61. Kh8 Qf8+ 62. Kh7 Kd5 0-1

[Event "26th WSCC 2016 Open 65+"]
[Site "Marianske Lazne, Czech Republic - Hotel Cristal and Continental"]
[Date "2016.11.29"]
[Round "10.71"]
[White "Racek, Jiri"]
[Black "Marcovici, Adrian"]
[Result "1/2-1/2"]
[WhiteElo "2018"]
[BlackElo "1906"]
[PlyCount "71"]
[EventDate "2016.11.19"]

1. d4 d5 2. Nf3 e6 3. Bg5 Nf6 4. e3 Be7 5. Nbd2 Nbd7 6. Bd3 O-O 7. Qe2 b6 8.
O-O Bb7 9. Ne5 Ne4 10. Bxe7 Qxe7 11. Nxd7 Qxd7 12. Nb3 f5 13. f3 Nd6 14. Rad1
a5 15. c3 Rad8 16. Bb1 Bc6 17. Nc1 Bb5 18. Bd3 a4 19. Bxb5 Qxb5 20. Qxb5 Nxb5
21. Ne2 c5 22. Rc1 Nd6 23. b3 Ra8 24. c4 axb3 25. axb3 dxc4 26. bxc4 Ra4 27.
dxc5 bxc5 28. Nf4 Re8 29. Rfd1 Nxc4 30. Rd7 Rea8 31. Nxe6 Ra1 32. Rdd1 Rxc1 33.
Rxc1 Nxe3 34. Kf2 Re8 35. Nxc5 Nd5 36. Nd3 1/2-1/2

[Event "26th WSCC 2016 Open 65+"]
[Site "Marianske Lazne, Czech Republic - Hotel Cristal and Continental"]
[Date "2016.11.29"]
[Round "10.72"]
[White "Kopecek, Ivan"]
[Black "Harding, Tim D"]
[Result "1/2-1/2"]
[WhiteElo "1910"]
[BlackElo "2015"]
[PlyCount "77"]
[EventDate "2016.11.19"]

1. d4 d5 2. Nf3 Nf6 3. e3 c5 4. b3 cxd4 5. exd4 Nc6 6. Bd3 Bg4 7. Bb2 e6 8. O-O
Bd6 9. Nbd2 O-O 10. h3 Bh5 11. c4 Nb4 12. Bb1 Bg6 13. Ne5 Bxb1 14. Qxb1 Rc8 15.
a3 dxc4 16. bxc4 Nc6 17. Ndf3 Qc7 18. Qd3 Rfd8 19. Qe2 Bf8 20. Rfd1 Nxe5 21.
Nxe5 Nd7 22. Nxd7 Rxd7 23. Rac1 Qf4 24. g3 Qf5 25. Kg2 Rcd8 26. Rd3 g5 27. Rf3
Qg6 28. d5 exd5 29. cxd5 Rxd5 30. Rc7 R8d7 31. Rxd7 Rxd7 32. Qe5 f6 33. Rxf6
Qg7 34. Qe6+ Rf7 35. Be5 Bxa3 36. Rf5 Qg6 37. Rf6 Qg7 38. Rf5 Qg6 39. Rf6
1/2-1/2

[Event "26th WSCC 2016 Open 65+"]
[Site "Marianske Lazne, Czech Republic - Hotel Cristal and Continental"]
[Date "2016.11.29"]
[Round "10.74"]
[White "Goga, Frantisek"]
[Black "Ilyes, Peter"]
[Result "1-0"]
[WhiteElo "2014"]
[BlackElo "1892"]
[PlyCount "65"]
[EventDate "2016.11.19"]

1. e4 d6 2. d4 g6 3. c4 Bg7 4. Nc3 c6 5. Be3 Nf6 6. f3 O-O 7. Qd2 e5 8. d5 cxd5
9. cxd5 a6 10. a4 Qa5 11. Rb1 Qb4 12. Nge2 Nbd7 13. Nc1 Nc5 14. N1a2 Qb3 15.
Be2 Nfxe4 16. fxe4 Nxe4 17. Nxe4 Qxa2 18. O-O Qxa4 19. Nxd6 f5 20. Nc4 f4 21.
Bc5 Bf5 22. Ra1 Qe8 23. Bxf8 Bxf8 24. d6 Rd8 25. Qd5+ Be6 26. Qxe5 b5 27. Rae1
bxc4 28. Bxc4 Bxc4 29. Qxe8 Rxe8 30. Rxe8 Bb5 31. Rb8 g5 32. Rc1 Kf7 33. Rc7+
1-0

[Event "26th WSCC 2016 Open 65+"]
[Site "Marianske Lazne, Czech Republic - Hotel Cristal and Continental"]
[Date "2016.11.29"]
[Round "10.75"]
[White "Kratschmer, Heinz"]
[Black "Sevenyuk, Alexey"]
[Result "0-1"]
[WhiteElo "2008"]
[BlackElo "1877"]
[PlyCount "98"]
[EventDate "2016.11.19"]

1. d4 e6 2. e4 d5 3. Nd2 dxe4 4. Nxe4 Nd7 5. Nf3 Ngf6 6. Nxf6+ Nxf6 7. c3 a6 8.
Bd3 c5 9. O-O cxd4 10. Nxd4 Be7 11. Re1 O-O 12. Bg5 h6 13. Bh4 Nd5 14. Bxe7
Nxe7 15. Qe2 Qd5 16. b3 Nc6 17. Nf3 Rb8 18. Rad1 Qc5 19. c4 b6 20. Be4 Bb7 21.
Rd7 Na5 22. Red1 Bxe4 23. Qxe4 Qa3 24. R7d2 Nb7 25. Ne5 Rbd8 26. g3 Rxd2 27.
Rxd2 Qc1+ 28. Kg2 Qxd2 29. Qxb7 Qd4 30. f4 g5 31. Kf3 Qd1+ 32. Kg2 Qe2+ 33. Kg1
gxf4 34. gxf4 Qe3+ 35. Kg2 Qxf4 36. Nf3 Qe3 37. Qc7 Kh7 38. Qb7 Rg8+ 39. Kf1
Rg7 40. Qc6 Rg6 41. Qb7 Rf6 42. Kg2 a5 43. Qc6 Qe2+ 44. Kg3 Rg6+ 45. Kh4 Qf2+
46. Kh5 Qg2 47. Qe4 f5 48. Qb7+ Rg7 49. Qc6 Qg4# 0-1

[Event "26th WSCC 2016 Open 65+"]
[Site "Marianske Lazne, Czech Republic - Hotel Cristal and Continental"]
[Date "2016.11.29"]
[Round "10.76"]
[White "Andreas, Guenter"]
[Black "Simkin, Alexander"]
[Result "1-0"]
[WhiteElo "2006"]
[BlackElo "1782"]
[PlyCount "79"]
[EventDate "2016.11.19"]

1. e4 c5 2. Nf3 d6 3. Bb5+ Bd7 4. Bxd7+ Qxd7 5. O-O Nc6 6. d4 cxd4 7. Nxd4 e6
8. c4 Be7 9. Nc3 a6 10. Be3 Nf6 11. f3 O-O 12. Qd2 Rac8 13. Rfd1 Nxd4 14. Qxd4
Qc6 15. Rac1 Qxc4 16. Nd5 exd5 17. Rxc4 Rxc4 18. Qd3 Rfc8 19. exd5 Nd7 20. Qf1
Bf6 21. Rc1 Rxc1 22. Bxc1 Bd4+ 23. Kh1 Rc5 24. g3 Ne5 25. Qd1 Rxd5 26. f4 Nc6
27. Be3 b5 28. Bxd4 a5 29. Qe2 Kf8 30. Bc3 b4 31. Qg4 Ke7 32. Qc8 Rc5 33. Bxg7
h5 34. Bf8+ Kf6 35. Bxd6 Rc1+ 36. Kg2 Rc2+ 37. Kh3 Nd4 38. Be5+ Kg6 39. Qg8+
Kf5 40. Bxd4 1-0

[Event "26th WSCC 2016 Open 65+"]
[Site "Marianske Lazne, Czech Republic - Hotel Cristal and Continental"]
[Date "2016.11.29"]
[Round "10.77"]
[White "Choong, Liong-On Mark"]
[Black "Hund, Gerhard"]
[Result "0-1"]
[WhiteElo "1908"]
[BlackElo "2005"]
[PlyCount "70"]
[EventDate "2016.11.19"]

1. c4 c5 2. g3 Nc6 3. Bg2 g6 4. Nc3 Nf6 5. e4 e5 6. Nge2 Bg7 7. O-O d6 8. d3
Be6 9. Nd5 Bxd5 10. cxd5 Nd4 11. Nxd4 exd4 12. Bh3 O-O 13. Bg5 h6 14. Bd2 Kh7
15. f4 Nd7 16. b4 f5 17. Rb1 Rb8 18. Rc1 fxe4 19. dxe4 b6 20. Re1 Qc7 21. Bf1
b5 22. bxc5 dxc5 23. e5 Nxe5 24. fxe5 Bxe5 25. Rxe5 Qxe5 26. Bf4 Rxf4 27. gxf4
Qe3+ 28. Kh1 c4 29. a4 a6 30. axb5 axb5 31. f5 gxf5 32. Ra1 Rg8 33. Ra7+ Kh8
34. Bg2 c3 35. Rc7 Rxg2 0-1

[Event "26th WSCC 2016 Open 65+"]
[Site "Marianske Lazne, Czech Republic - Hotel Cristal and Continental"]
[Date "2016.11.29"]
[Round "10.78"]
[White "Pitzl, Konstantinos"]
[Black "Zilbershtein, Victor"]
[Result "0-1"]
[WhiteElo "2004"]
[BlackElo "1716"]
[PlyCount "121"]
[EventDate "2016.11.19"]

1. Nf3 d5 2. g3 c5 3. c4 d4 4. Bg2 Nc6 5. O-O e5 6. d3 Be7 7. e3 Nf6 8. exd4
exd4 9. Re1 O-O 10. a3 a5 11. Bf4 Nh5 12. Bc1 a4 13. Ne5 Nxe5 14. Rxe5 Nf6 15.
Nd2 Bg4 16. Nf3 Qd7 17. Bg5 Ra6 18. Qd2 h6 19. Rae1 Re8 20. Bxf6 Rxf6 21. Rd5
Qc7 22. Qd1 Ra8 23. h3 Be6 24. Rde5 Bd6 25. R5e4 Qd7 26. Ne5 Qc7 27. R4e2 g6
28. b3 Bxe5 29. Rxe5 Qb6 30. bxa4 Bd7 31. Qd2 Kg7 32. Re7 Bc6 33. Bxc6 Qxc6 34.
a5 Qf3 35. R1e2 Rfa6 36. Qb2 R8a7 37. Qb5 Rxa5 38. Qe8 b6 39. Rxa7 Rxa7 40.
Qe5+ Kh7 41. Qe4 Qxe4 42. Rxe4 Rxa3 43. Re7 Kg7 44. Rb7 Rxd3 45. Rxb6 Rc3 46.
Kf1 Rxc4 47. Ke2 Rc2+ 48. Ke1 c4 49. Rd6 d3 50. f4 h5 51. g4 h4 52. Rd4 Kf6 53.
Rd6+ Ke7 54. Rd4 Ke6 55. f5+ Ke5 56. Rd7 gxf5 57. gxf5 f6 58. Rh7 Kd4 59. Rd7+
Kc3 60. Rd6 Rc1+ 61. Kf2 0-1

[Event "26th WSCC 2016 Open 65+"]
[Site "Marianske Lazne, Czech Republic - Hotel Cristal and Continental"]
[Date "2016.11.29"]
[Round "10.79"]
[White "Degtiarev, Viktor"]
[Black "Ricter, Jean-Paul"]
[Result "1/2-1/2"]
[WhiteElo "1823"]
[BlackElo "2108"]
[PlyCount "105"]
[EventDate "2016.11.19"]

1. e4 d6 2. d4 Nf6 3. Nc3 Nbd7 4. Nf3 e5 5. dxe5 dxe5 6. a3 Be7 7. Bc4 O-O 8.
O-O c6 9. Qe2 Qc7 10. Rd1 b5 11. Bb3 Nc5 12. Ba2 Bg4 13. h3 Be6 14. Bxe6 Nxe6
15. Be3 Bc5 16. Ng5 Nd4 17. Bxd4 exd4 18. Na2 Rfe8 19. c3 dxc3 20. Nxc3 Qf4 21.
Nf3 Nxe4 22. Nxe4 Rxe4 23. Qc2 Rc4 24. Qd3 h6 25. b3 Re4 26. Rac1 Bb6 27. Rxc6
Rae8 28. Rxb6 axb6 29. Qxb5 Qc7 30. g3 Re2 31. Kg2 R2e7 32. b4 Ra8 33. a4 Qc2
34. Rd6 Qxa4 35. Qxb6 Qe8 36. Qc5 Rb8 37. Rc6 Reb7 38. Rc7 Rxb4 39. Re7 Qc8 40.
Qd5 Qf8 41. Rd7 R4b5 42. Qe4 Re8 43. Qc6 Rc5 44. Qb7 Rb8 45. Qe4 Rb2 46. Qd4
Rb8 47. Ne5 f6 48. Nd3 Rcc8 49. Nf4 Qe8 50. Qd5+ Kh8 51. Ne6 Rb5 52. Qxb5 Qxe6
53. Qd5 1/2-1/2

[Event "26th WSCC 2016 Open 65+"]
[Site "Marianske Lazne, Czech Republic - Hotel Cristal and Continental"]
[Date "2016.11.29"]
[Round "10.80"]
[White "Mlynek, Petr"]
[Black "Bernardo Jimenez, Fernando"]
[Result "1/2-1/2"]
[WhiteElo "2139"]
[BlackElo "1926"]
[PlyCount "68"]
[EventDate "2016.11.19"]

1. d4 Nf6 2. c4 e6 3. g3 Bb4+ 4. Bd2 Bxd2+ 5. Nxd2 d5 6. Bg2 c6 7. Ngf3 O-O 8.
O-O Nbd7 9. Qc2 b6 10. e4 dxe4 11. Nxe4 Nxe4 12. Qxe4 Bb7 13. Rad1 Qc7 14. Ne5
Nxe5 15. Qxe5 Rac8 16. Rfe1 Rfd8 17. f4 Qxe5 18. dxe5 Kf8 19. b4 Ba6 20. c5
bxc5 21. bxc5 Bc4 22. Rd6 Bxa2 23. Ra1 Bd5 24. Rxa7 Ra8 25. Bxd5 Rxa7 26. Rxd8+
Ke7 27. Rd6 cxd5 28. c6 Ra2 29. h3 Rc2 30. Kf1 Ke8 31. Ke1 d4 32. Rxd4 Rxc6 33.
Kd2 Ra6 34. Rd3 g6 1/2-1/2